LEADER 01095nam a2200265 i 4500 001 000000174692 003 CaOOAMICUS 005 20080925000000.0 008 080925s1981 xx u000 u und u 013 $a152168 040 $aSeMil$bita 100 1 $aAgasso, Domenico,$d<1921-2020>.$0(OLS)http://semarc/name/17389 245 10$aDaniele Comboni :$bProfeta dell'Africa /$cDomenico Agasso. 260 $aBologna :$bEMI,$cstampa 1981. 300 $a131 p., [32] p. di tav. :$bill. ;$c21 cm. 490 0 $aStudi comboniani 600 14$aComboni, Daniele .$0(OLS)http://semarc/subject/6942 650 4$aChiesa - Missionarietà.$0(OLS)http://semarc/subject/3429 650 4$aAfrica.$0(OLS)http://semarc/subject/8985 830 0$aStudi comboniani.$0(OLS)http://semarc/title/12823 850 $aSeMil 852 $aSeMil$W1$xVenegono$y1$m3E V 15$j125528$B125528$CSeMilBibl$Z2$F137960 $81 961 $aOmaggio: Altro 996 $6245$aDaniele Comboni :$bProfeta dell'Africa$9(OLS)http://semarc/title/250449 996 $6260$aBologna :$bEMI$9(OLS)http://semarc/publisher/29618 LEADER 00882nam a2200217 i 4500 001 000000055818 003 CaOOAMICUS 005 20220804095445.0 008 970715n vc u000 u lat u 013 $a26990 040 $aSeMil$bita 245 10$aSeries secunda :$bDe Ecclesia et de B. Maria Virgine. 300 $a122 p. 500 $aRilegato con : SL1.Z V 28/1. - In mezzo al front. : Sub secreto. 773 0 $t[Schemata Constitutionum et Decretorum].$d[In Urbe Vaticani] : Typis Polyglottis Vaticanis, 1962-1963.$g1$w()6733 773 0 $tSchemata Constitutionum et Decretorum.$w()6734 850 $aSeMil 852 $aSeMil$W1$xVenegono$y1$mSL1.Z V 28/2$j21972$B21972$CSeMilBibl$Z2$F21974 $8I 961 $aAcquisto: Casa editrice 996 $6245$aSeries secunda :$bDe Ecclesia et de B. Maria Virgine$9(OLS)http://semarc/title/86670